000 00629nam a22002057a 4500
003 0
005 20241015134238.0
008 241015b xxu||||| |||| 00| 0 eng d
020 _a9781774697450
050 _aHG 4515
_b.Ay96 2024
100 _aAyoun, Nasiruzzaman,
_eauthor.
245 _aInvestment management /
_cNasiruzzaman Ayoun.
260 _aBurlington, ON :
_bToronto Academic Press,
_c2024.
300 _avii, 223 p. :
_bcol. ill. ;
_c26 cm.
504 _aIncludes bibliographical references and index.
650 _aInvestments.
650 _aPortfolio management.
650 _aTrust companies.
942 _2lcc
_cBK
999 _c366552
_d366552